000 00807cam a22002411a 4500
001 af 48002547
003 DLC
005 20260227110856.0
008 930405s1946 gw 000 0 ger c
010 _aaf 48002547
035 _a(OCoLC)27856119
040 _aIllinois. Univ. Library
_cDeU
_dDeU
_dDLC
041 1 _ager
_hitafre
050 0 0 _aPQ2366.M425
_bN64
100 1 _aMonnier, Marc,
_d1827-1885.
240 1 0 _aNouvelles napolitaines.
_lGerman
245 1 0 _aNeapolitanische Novellen /
_cMarc Monnier : [Übersetzung aus dem Italienischen von Doris Pake]
260 _aReinbek bei Hamburg :
_bParus-Verlag,
_cc1946.
300 _a239 p. ;
_c19 cm.
500 _aOriginally published in French: Paris : A. Lemerre, 1879.
505 0 _aDonna Grazia -- Carmela -- Miss Orkan.
700 1 _aPake, Doris.
999 _c5079
_d5079